00339nam a2200109Ia 4500008004100000082000800041100002200049245003800071942000600109952009900115999001500214240331s9999 xx 000 0 und d bJAY aJayawardena, K.P  0aWomen and governance in Sri Lanka cL 001040708LaWERCLbWERCLcSSCd2024-03-31l0o 323.334 JAYp1898r2024-03-31w2024-03-31yL c5494d5494